| 000 | 00311 a2200133 4500 | ||
|---|---|---|---|
| 003 | Nust | ||
| 005 | 20170207153530.0 | ||
| 040 | _cNust | ||
| 082 | _a297 | ||
| 245 |
_aMehboob-i-Khuda Ki Pyari Duain _c Mazhar Rauf Ahsen |
||
| 260 |
_aRawalpindi _b Mazhar Rauf Ahsen Publisher |
||
| 300 | _a96:p | ||
| 650 | _aDua, Siratt | ||
| 942 |
_2ddc _cBK |
||
| 999 |
_c187947 _d187947 |
||